Ekologia inwazji zwierzat i roślin /

Uložené v:
Podrobná bibliografia
Hlavný autor: Elton, Charles Sutherland (Author)
Ďalší autori: Wójcik, Zdzislawa (Translator)
Médium: Kniha
Jazyk:Polish
English
Vydané: Warszawa : Państwowe Wydawnictwo Rolnicze i Leśne, 1967.
Vydanie:1. wyd.
ISBN: (viaz.)
Fyzický popis: 187 s. : il., obr. príl.
Tagy: Pridať tag
Žiadne tagy, Buďte prvý kto otaguje tento záznam!

MARC

LEADER 00000nam a22000001 4500
001 000108708
005 20100130175058.0
008 040909s1967 pl pol d
020 |a (viaz.) 
040 |a SVKKK  |b slo  |c SVKKK  |e AACR2 
041 1 |a pol  |h eng 
044 |a pl  |c PL 
100 1 |a Elton, Charles Sutherland  |4 aut 
245 1 0 |a Ekologia inwazji zwierzat i roślin /  |c Charles Sutherland Elton ; prel. Zdzisława Wójcik ... [et al.]. 
250 |a 1. wyd. 
260 |a Warszawa :  |b Państwowe Wydawnictwo Rolnicze i Leśne,  |c 1967. 
300 |a 187 s. :  |b il., obr. príl. 
500 |a Orig.: The Ecology of Invasions by Animales and Plants 
700 1 |a Wójcik, Zdzislawa.  |4 trl 
910 |a svkkk 
998 |a BK 
090 |g SCKHL  |k Sklad Pribinova 2. posch.  |a III.94547  |j 401931  |i 2720427076  |s Absenčne